MARC details
| 000 -CABECERA |
| campo de control de longitud fija |
01255nam a2200265 a 4500 |
| 001 - NÚMERO DE CONTROL |
| campo de control |
000024923 |
| 005 - FECHA Y HORA DE LA ÚLTIMA TRANSACCIÓN |
| campo de control |
20200930023443.0 |
| 008 - DATOS DE LONGITUD FIJA--INFORMACIÓN GENERAL |
| campo de control de longitud fija |
110208s1974 dr ah 001 0 spa d |
| 040 ## - FUENTE DE LA CATALOGACIÓN |
| Centro catalogador/agencia de origen |
DO-SdBNP |
| Lengua de catalogación |
spa |
| Centro/agencia transcriptor |
BNPHU |
| 082 ## - NÚMERO DE LA CLASIFICACIÓN DECIMAL DEWEY |
| Número de clasificación |
306.362097293 |
| Número de documento/Ítem |
M236c |
| 100 1# - ENTRADA PRINCIPAL--NOMBRE DE PERSONA |
| Nombre de persona |
Malagón Barceló, Javier, |
| Fechas asociadas al nombre |
1911- |
| 9 (RLIN) |
51163 |
| 245 10 - MENCIÓN DE TÍTULO |
| Título |
El código negro carolino (1784) / |
| Mención de responsabilidad, etc. |
Javier Malagon Barceló ; prólogo José Antonio Caro Álvarez. |
| 260 ## - PUBLICACIÓN, DISTRIBUCIÓN, ETC. |
| Lugar de publicación, distribución, etc. |
Santo Domingo : |
| Nombre del editor, distribuidor, etc. |
Taller, |
| Fecha de publicación, distribución, etc. |
1974. |
| 300 ## - DESCRIPCIÓN FÍSICA |
| Extensión |
LXXV, 296 p. : |
| Otras características físicas |
il., facsíms. ; |
| Dimensiones |
23 cm. |
| 500 ## - NOTA GENERAL |
| Nota general |
Incluye bibliografía y notas al pie de páginas. |
| 505 0# - NOTA DE CONTENIDO CON FORMATO |
| Nota de contenido con formato |
El código negro Carolino de la Real Audiencia de Santo Domingo para el gobierno económico, político y moral de los negros de esta Isla Española-- |
| 590 ## - NOTA LOCAL (RLIN) |
| Nota local |
Perteneció a la biblioteca personal de Juan Isidro Jimenes Grullón. |
| 590 ## - NOTA LOCAL (RLIN) |
| Nota local |
Inventariado, 2018/MFF |
| 650 #4 - PUNTO DE ACCESO ADICIONAL DE MATERIA--TÉRMINO DE MATERIA |
| Término de materia o nombre geográfico como elemento de entrada |
Esclavitud en república dominicana |
| Subdivisión general |
Legislación |
| 9 (RLIN) |
51164 |
| 650 #4 - PUNTO DE ACCESO ADICIONAL DE MATERIA--TÉRMINO DE MATERIA |
| Término de materia o nombre geográfico como elemento de entrada |
Negros |
| Subdivisión general |
Vida social y costumbres |
| 9 (RLIN) |
30702 |
| 650 #4 - PUNTO DE ACCESO ADICIONAL DE MATERIA--TÉRMINO DE MATERIA |
| Término de materia o nombre geográfico como elemento de entrada |
Negros |
| Subdivisión geográfica |
República Dominicana |
| Subdivisión general |
Historia |
| 9 (RLIN) |
17935 |
| 651 #4 - PUNTO DE ACCESO ADICIONAL DE MATERIA--NOMBRE GEOGRÁFICO |
| Nombre geográfico |
República Dominicana |
| Subdivisión general |
Historia |
| Subdivisión cronológica |
GOBIERNO COLONIAL ESPAÑOL, 1511-1795 |
| 9 (RLIN) |
45963 |
| 700 1# - PUNTO DE ACCESO ADICIONAL--NOMBRE DE PERSONA |
| Nombre de persona |
Caro, José Antonio, |
| Término indicativo de función/relación |
pról. |
| 9 (RLIN) |
51165 |
| 910 ## - DATOS DE OPCIÓN DEL USUARIO (OCLC) |
| Datos de opción del usuario |
Validado. Control de calidad EMS |